Panasonic SDR-H250/Panasonic SDR-H20

Bibliographic Details
Main Author: Mocko, Rastislav (Author)
Format: Article
Language:Slovak
PhysicalDescription:Fotogr., tab.
ISSN:1336-5754
Subjects:

MARC

LEADER 00000nab a2200000 ar4500
001 vtls009007556
003 SK-MaSNL
005 20260303065446.0
008 070413c2007 xo |||||||||||000 b|slo
015 |a SNBRB2007/07  |2 snkbucl 
038 |a SNKBUCL 
040 |a SNKBUCL  |b slo  |c SNKBUCL  |e AACR2 
041 0 |a slo 
044 |a xo  |c SK 
080 |a 681.772.7  |2 2001 
080 |a 621.397.42.037.37  |2 2001 
100 1 |a Mocko, Rastislav  |4 aut  |9 943320 
245 1 0 |a Panasonic SDR-H250/Panasonic SDR-H20  |c Rastislav Mocko 
300 |b Fotogr., tab. 
650 0 7 |a Panasonic SDR-H250 (videokamera)  |2 snkbucl  |9 1065538 
650 0 7 |a digitálne videokamery  |2 snkbucl  |9 870671 
650 0 7 |a Panasonic SDR-H20 (videokamera)  |2 snkbucl  |9 1065539 
773 0 |t DiGi revue  |g Roč. 3, č. 7-8 (2007), s. 44-45  |x 1336-5754 
852 |a SNK  |b KIS3GCP 
999 |c 1751270  |d 1753200